000 00389pam a2200157a 44500
008 230515b1986 xxu||||| |||| 00| 0 eng d
020 _aNULL
041 _aENGLISH
082 _a00620.11/ BAD.
100 _aBADGER W. L. / BANCHERO.
245 _aSTRENGTH OF MATERIALS VOL1 THEORY AND PROBLEMS
250 _aNULL
260 _aNULL
_bC.B.S
_c1986
300 _a442 PB
650 _aNULL
999 _c618307
_d618307